000 01212cam a2200337 i 4500
001 18109597
003 ARRUPE
005 20240208113030.0
008 140409t20131994nyuabf 001 0aeng
010 _a 2013498441
020 _a9780316323543 (softcover)
040 _aDLC
_beng
_cDLC
_erda
_dDLC
042 _apcc
043 _af-sa---
050 0 0 _aDT1949.M35
_bA3 2013
082 0 0 _a968.06/5092
_aB
_223
100 1 _aMandela, Nelson,
_d1918-2013.
_913583
245 1 0 _aLong walk to freedom :
_bthe autobiography of Nelson Mandela /
_cNelson Mandela.
250 _aFirst paperback edition.
260 _aGreat Britain
_bLittle, Brown and Company
_c1994
300 _ax, 638 pages, 24 pages of plates :
_billustrations, map ;
_c21 cm
500 _aIncludes index.
500 _a"Foreword by President Bill Clinton."
500 _a"Now a major motion picture."
600 1 0 _aMandela, Nelson,
_d1918-2013.
_913583
650 0 _aPresidents
_zSouth Africa
_vBiography.
_931458
651 0 _aSouth Africa
_xPolitics and government
_y1948-1994.
_931248
906 _a7
_bcbc
_corignew
_d2
_encip
_f20
_gy-gencatlg
942 _2lcc
_cMONOGRAPH
999 _c131783
_d131783